| 000 -LEADER |
| fixed length control field |
00912nam a22002057a 4500 |
| 003 - CONTROL NUMBER IDENTIFIER |
| control field |
OSt |
| 005 - DATE AND TIME OF LATEST TRANSACTION |
| control field |
20260127160454.0 |
| 008 - FIXED-LENGTH DATA ELEMENTS--GENERAL INFORMATION |
| fixed length control field |
210801b ||||| |||| 00| 0 eng d |
| 040 ## - CATALOGING SOURCE |
| Transcribing agency |
OSt |
| 041 ## - LANGUAGE CODE |
| Language code of text/sound track or separate title |
Shan |
| 082 ## - DEWEY DECIMAL CLASSIFICATION NUMBER |
| Classification number |
808.4 |
| 245 ## - TITLE STATEMENT |
| Title |
သႅင်သယၢမ်မၢႆ-2 |
| Statement of responsibility, etc. |
ၸဝ်ႈၶူးထမ်မိၵ ၼုမ်ႇၶိူဝ်း၊ ၸဝ်ႈၼၼ်ႇတေႃးၸေယ ၼုမ်ႇၶမ်း ၶပ်းၶိုင်- |
| 260 ## - PUBLICATION, DISTRIBUTION, ETC. |
| Place of publication, distribution, etc. |
မိူင်းၵွၵ်ႇ |
| Name of publisher, distributor, etc. |
ႁူင်းပေႃႉလိၵ်ႈၸၼ်ႉၸွမ်မႁႃမၵုတ်ႉ |
| Date of publication, distribution, etc. |
2012 |
| 300 ## - PHYSICAL DESCRIPTION |
| Extent |
ix၊ 261 ၼႃႈ |
| Other physical details |
ပႃးၶႅပ်းႁၢင်ႈ |
| Dimensions |
21 ၸိၼ်ႇထီႇ |
| 500 ## - GENERAL NOTE |
| General note |
S-SAT: Dr. Prof Sai Aung Tun |
| 650 ## - SUBJECT ADDED ENTRY--TOPICAL TERM |
| Topical term or geographic name entry element |
လိၵ်ႈႁွမ်တွမ် (article) |
| 942 ## - ADDED ENTRY ELEMENTS (KOHA) |
| Koha item type |
Book (Short term) |
| 501 ## - WITH NOTE |
| With note |
ပႃးၽိုၼ်ဢိင် |
|
| Source of classification or shelving scheme |
|